[Event "SUI-ch TP1"]
[Site "Payerne"]
[Date "2022.05.27"]
[Round "4"]
[White "Willems, Niels"]
[Black "Schmid, Christoph"]
[Result "1-0"]
[WhiteElo "2338"]
[BlackElo "2045"]
[PlyCount "155"]
[EventDate "2022.05.26"]
[EventType "swiss"]
[EventRounds "7"]
[EventCountry "SUI"]
[SourceTitle "CBM 208 Extra"]
[Source "ChessBase"]
[SourceDate "2022.07.31"]
[SourceVersion "1"]
[SourceVersionDate "2022.07.31"]
[SourceQuality "1"]

1. c4 c5 2. Nc3 Nf6 3. g3 e6 4. Nf3 b6 5. Bg2 Bb7 6. 0-0 Be7 7. b3 0-0 8. Bb2 d5 9. Ne5 Nc6 10. Nxc6 Bxc6 11. d4 Rc8 12. dxc5 dxc4 13. Bxc6 Rxc6 14. b4 Qxd1 15. Rfxd1 a5 16. a3 axb4 17. axb4 Nd5 18. Nxd5 exd5 19. Ra7 Bf6 20. Bxf6 gxf6 21. Rxd5 Rfc8 22. Ra6 bxc5 23. Rxc6 Rxc6 24. b5 Rb6 25. Rxc5 c3 26. Kg2 c2 27. Rxc2 Rxb5 28. Rc4 h6 29. Kh3 Kg7 30. Rg4+ Kh7 31. e4 Rb2 32. Kg2 Rb3 33. Kh3 Rb2 34. Rf4 Kg6 35. Kg4 Ra2 36. Rf5 Ra4 37. f3 Ra2 38. h3 Re2 39. Rd5 Re1 40. h4 Ra1 41. Rd6 Ra5 42. Kf4 Rb5 43. g4 Ra5 44. Rd5 Ra3 45. h5+ Kg7 46. Rd1 Rb3 47. Re1 Rb4 48. Re3 Ra4 49. Rd3 Ra5 50. Re3 Ra4 51. Kf5 Ra5+ 52. e5 fxe5 53. Rxe5 Ra3 54. f4 Ra1 55. Rb5 Ra2 56. Rd5 Rb2 57. Ke4 Rb4+ 58. Rd4 Rb1 59. Rd3 Rb4+ 60. Kf3 Rb1 61. g5 Rb5 62. Kg4 Rb4 63. Rd7 hxg5 64. Kxg5 Rb5+ 65. f5 Rb1 66. h6+ Kg8 67. Kf6 Rb6+ 68. Ke7 Rxh6 69. f6 Rh1 70. Rd8+ Kh7 71. Kxf7 Ra1 72. Kf8 Ra7 73. f7 Kg6 74. Rd6+ Kh7 75. Ke8 Ra8+ 76. Rd8 Rxd8+ 77. Kxd8 Kg7 78. Ke7 1-0

[Event "Biel HTO 54th"]
[Site "Biel"]
[Date "2021.08.03"]
[Round "8"]
[White "Schmid, Christoph"]
[Black "Giacomini, Hector"]
[Result "1/2-1/2"]
[WhiteElo "2091"]
[BlackElo "2104"]
[PlyCount "57"]
[EventDate "2021.07.26"]
[EventType "swiss"]
[EventRounds "9"]
[EventCountry "SUI"]
[SourceTitle "CBM 203 Extra"]
[Source "ChessBase"]
[SourceDate "2021.09.30"]
[SourceVersion "1"]
[SourceVersionDate "2021.09.30"]
[SourceQuality "1"]

1. d4 d5 2. c4 e6 3. Nc3 Nf6 4. Bg5 Be7 5. Nf3 0-0 6. e3 Nbd7 7. Qc2 c6 8. a3 b6 9. cxd5 cxd5 10. Bd3 Bb7 11. 0-0 Rc8 12. Bf4 Ne4 13. h3 h6 14. Rfc1 Nxc3 15. bxc3 Nb8 16. Ne5 Nc6 17. Nxc6 Rxc6 18. Bb5 Rc8 19. Qb3 Bd6 20. Bxd6 Qxd6 21. Qb4 Rfd8 22. a4 Qxb4 23. cxb4 Rxc1+ 24. Rxc1 Rc8 25. Rxc8+ Bxc8 26. a5 Kf8 27. axb6 axb6 28. Kf1 Ke7 29. Ke2 1/2-1/2

[Event "Biel HTO 54th"]
[Site "Biel"]
[Date "2021.07.26"]
[Round "1"]
[White "Visakh, Narayanan Rajeswari"]
[Black "Schmid, Christoph"]
[Result "1-0"]
[WhiteElo "2516"]
[BlackElo "2091"]
[PlyCount "63"]
[EventDate "2021.07.26"]
[EventType "swiss"]
[EventRounds "9"]
[EventCountry "SUI"]
[SourceTitle "CBM 203 Extra"]
[Source "ChessBase"]
[SourceDate "2021.09.30"]
[SourceVersion "1"]
[SourceVersionDate "2021.09.30"]
[SourceQuality "1"]

1. d4 Nf6 2. c4 e6 3. Nf3 d5 4. Nc3 Be7 5. Bf4 0-0 6. e3 b6 7. Bd3 Bb7 8. cxd5 Nxd5 9. Nxd5 Qxd5 10. Bxc7 Qa5+ 11. Kf1 Na6 12. Bg3 Nb4 13. Be2 Ba6 14. a3 Bxe2+ 15. Qxe2 Rac8 16. Ne1 Qa4 17. Rd1 Nc2 18. Nd3 b5 19. Kg1 b4 20. axb4 Nxb4 21. Ne1 Nc2 22. h4 Nxe1 23. Qxe1 Bb4 24. Qf1 Rc2 25. Ra1 Qb3 26. Rxa7 Qxb2 27. Kh2 Rfc8 28. Qa6 h5 29. Qb7 Rf8 30. Qf3 g6 31. Qf6 Rc6 32. Be5 1-0

[Event "Zuerich op-A 40th"]
[Site "Zuerich"]
[Date "2016.12.26"]
[Round "1"]
[White "Cvitan, Ognjen"]
[Black "Schmid, Christoph"]
[Result "1-0"]
[WhiteElo "2491"]
[BlackElo "2090"]
[PlyCount "71"]
[EventDate "2016.12.26"]
[EventType "swiss"]
[EventRounds "7"]
[EventCountry "SUI"]
[SourceTitle "CBM 176 Extra"]
[Source "ChessBase"]
[SourceDate "2017.03.02"]
[SourceVersion "1"]
[SourceVersionDate "2017.03.02"]
[SourceQuality "1"]

1. d4 d5 2. c4 e6 3. Nc3 Be7 4. Nf3 Nf6 5. Bg5 h6 6. Bh4 0-0 7. e3 b6 8. Be2 Bb7 9. Bxf6 Bxf6 10. cxd5 exd5 11. 0-0 a5 12. Qb3 Na6 13. Rfd1 c6 14. Rac1 Re8 15. a3 g6 16. Bd3 Bc8 17. Ne2 c5 18. Bb5 c4 19. Qa4 Re7 20. b3 cxb3 21. Qxb3 Nc7 22. Nf4 Nxb5 23. Qxb5 Be6 24. Ne5 Bxe5 25. dxe5 Raa7 26. Rc6 Rab7 27. h3 h5 28. Nxd5 Bxd5 29. Rxd5 Red7 30. e4 Kg7 31. e6 fxe6 32. Rxe6 Rxd5 33. exd5 Qg5 34. Qb2+ Kh6 35. Rxb6 Rxb6 36. Qh8# 1-0

[Event "Lesa op"]
[Site "Lesa"]
[Date "2015.09.20"]
[Round "4"]
[White "Schmid, Christoph"]
[Black "Medici, Simone"]
[Result "0-1"]
[WhiteElo "1990"]
[BlackElo "2110"]
[PlyCount "96"]
[EventDate "2015.09.18"]
[EventType "swiss"]
[EventRounds "5"]
[EventCountry "ITA"]
[SourceTitle "EXT 2016"]
[Source "ChessBase"]
[SourceDate "2015.10.08"]
[SourceVersion "1"]
[SourceVersionDate "2015.10.08"]
[SourceQuality "1"]

1. d4 d5 2. c4 e6 3. Nc3 Nf6 4. cxd5 exd5 5. Bg5 Be7 6. e3 0-0 7. Qc2 c6 8. Bd3 h6 9. Bh4 Re8 10. Nge2 Nbd7 11. 0-0 Nf8 12. Rad1 Bg4 13. f3 Be6 14. e4 Rc8 15. e5 N6d7 16. Bxe7 Qxe7 17. f4 Bg4 18. h3 Bxe2 19. Qxe2 Qh4 20. Qe3 Ne6 21. Ne2 c5 22. Bb5 Red8 23. f5 Qg5 24. Qxg5 Nxg5 25. Nf4 Nb6 26. e6 Kf8 27. h4 Ne4 28. exf7 Kxf7 29. dxc5 Nxc5 30. Nxd5 Rxd5 31. Rxd5 Nxd5 32. Bc4 Rd8 33. Rd1 Kf6 34. Bxd5 Na4 35. Bb3 Rxd1+ 36. Bxd1 Nxb2 37. Bc2 Nc4 38. Kf2 Nd6 39. g4 h5 40. Kf3 hxg4+ 41. Kxg4 b5 42. Kf4 a5 43. h5 b4 44. Bd3 Nb7 45. Bc2 Nc5 46. Ke3 Ke5 47. Bb1 Na4 48. Kd2 Nc3 0-1

[Event "Lesa op"]
[Site "Lesa"]
[Date "2015.09.19"]
[Round "3"]
[White "Boschetti, Claudio"]
[Black "Schmid, Christoph"]
[Result "1/2-1/2"]
[WhiteElo "2158"]
[BlackElo "1990"]
[PlyCount "66"]
[EventDate "2015.09.18"]
[EventType "swiss"]
[EventRounds "5"]
[EventCountry "ITA"]
[SourceTitle "EXT 2016"]
[Source "ChessBase"]
[SourceDate "2015.10.08"]
[SourceVersion "1"]
[SourceVersionDate "2015.10.08"]
[SourceQuality "1"]

1. e4 e6 2. d3 d5 3. Nd2 Nf6 4. c3 dxe4 5. dxe4 b6 6. Ngf3 Bb7 7. Bb5+ c6 8. Be2 Nbd7 9. 0-0 Qc7 10. Qc2 Be7 11. a4 0-0 12. Re1 Ng4 13. h3 Nge5 14. Bf1 Nxf3+ 15. Nxf3 Ne5 16. Nxe5 Qxe5 17. f4 Bc5+ 18. Kh1 Qc7 19. b4 Be7 20. Be2 a5 21. bxa5 Rxa5 22. Bd2 b5 23. axb5 cxb5 24. Rxa5 Qxa5 25. Rb1 Bc6 26. Bf3 Qa4 27. Qb3 h6 28. Be3 Rd8 29. Bg1 Qxb3 30. Rxb3 Rb8 31. Bd4 b4 32. cxb4 Rxb4 33. Rxb4 Bxb4 1/2-1/2

[Event "Ascona op 10th"]
[Site "Ascona"]
[Date "2015.04.16"]
[Round "5"]
[White "Schmid, Christoph"]
[Black "Medici, Simone"]
[Result "1-0"]
[WhiteElo "1973"]
[BlackElo "2082"]
[PlyCount "59"]
[EventDate "2015.04.14"]
[EventType "swiss"]
[EventRounds "5"]
[EventCountry "SUI"]
[SourceTitle "CBM 166 Extra"]
[Source "ChessBase"]
[SourceDate "2015.06.18"]
[SourceVersion "1"]
[SourceVersionDate "2015.06.18"]
[SourceQuality "1"]

1. d4 Nf6 2. c4 e6 3. Nc3 d5 4. cxd5 exd5 5. Bg5 Be7 6. e3 0-0 7. Bd3 c6 8. Qc2 h6 9. Bh4 Re8 10. Nge2 Nbd7 11. 0-0 Ne4 12. Bxe7 Qxe7 13. Rae1 f5 14. f3 Nd6 15. Ng3 g6 16. e4 Qh4 17. Qf2 fxe4 18. fxe4 Rf8 19. Qe3 Rxf1+ 20. Rxf1 Nf6 21. h3 dxe4 22. Ncxe4 Nfxe4 23. Bxe4 Kg7 24. d5 Nxe4 25. Qd4+ Kg8 26. Nxe4 Qe7 27. Nf6+ Kh8 28. Nh5+ Kh7 29. d6 Qd7 30. Nf6+ 1-0

[Event "Ascona op 10th"]
[Site "Ascona"]
[Date "2015.04.15"]
[Round "2"]
[White "Ninov, Nikolai"]
[Black "Schmid, Christoph"]
[Result "1-0"]
[WhiteElo "2432"]
[BlackElo "1973"]
[PlyCount "93"]
[EventDate "2015.04.14"]
[EventType "swiss"]
[EventRounds "5"]
[EventCountry "SUI"]
[SourceTitle "CBM 166 Extra"]
[Source "ChessBase"]
[SourceDate "2015.06.18"]
[SourceVersion "1"]
[SourceVersionDate "2015.06.18"]
[SourceQuality "1"]

1. e4 e6 2. d4 d5 3. Nc3 Nf6 4. Bg5 Be7 5. e5 Nfd7 6. Bxe7 Qxe7 7. f4 a6 8. Nf3 Nb6 9. Qd2 Bd7 10. a4 c5 11. a5 cxd4 12. Nxd4 Nc8 13. Bd3 Nc6 14. Nb3 Nb4 15. 0-0 Na7 16. Be2 Rc8 17. Bd1 0-0 18. Qf2 Nb5 19. Na4 f6 20. exf6 Qxf6 21. Nb6 Rc7 22. Nc5 Bc8 23. c3 Nc6 24. Bg4 Re7 25. Qe2 Kh8 26. Nxc8 Rxc8 27. Nxe6 Nbd4 28. cxd4 Nxd4 29. Qe5 Qxe5 30. fxe5 Nxe6 31. Rad1 d4 32. Rxd4 Nxd4 33. Bxc8 h6 34. e6 Kg8 35. Rf7 Rxf7 36. exf7+ Kxf7 37. Bxb7 Ke7 38. Bxa6 Nc6 39. Bb7 Nxa5 40. Bd5 Kd6 41. b4 Nc6 42. Bxc6 Kxc6 43. Kf2 Kb5 44. Ke3 Kxb4 45. Ke4 g6 46. Ke5 Kc5 47. Kf6 1-0